01983nam a22003014aa4500003000800000005001700008008004100025040003000066041000800096044000700104082001700111100003100128245019500159260002700354300004400381500003600425502018000461520077100641650003101412653001301443653001301456653001901469653001301488700003301501942001501534999001701549952011501566BOFEUTO20260512114631.02025 t2025 bo gr 000 f spa d 6BOFEUTOaBOFEUTOcBOFEUTO aspa abo aTE6289bF628 aFlores Jorge, Zaidaeautor aDiseño de programa de capacitación en la Secretaría Departamental de Administración y Finanzas Públicas del Gobierno Autónomo Departamental de Oruro. cZaida Flores Jorge ; autor aOruro :bs/n ;c2025 . a156 hojas :bilus, gráf. ;c28.5 cm . aIncluye bibliografía, anexos. aTesis Dirigida, (Licenciatura) -- Universidad Técnica de Oruro, Facultad de Ciencias Económicas, Financieras y Administrativas, Carrera Administración de Empresas, 2025. aEl presente trabajo tuvo como finalidad el diseño de un Programa de Capacitación para la Secretaría Departamental de Administración y Finanzas Públicas del Gobierno Autónomo Departamental de Oruro. Es una primera etapa se realización la necedades de capacitación, lo que permitió identificar las principales brechas de conocimientos y habilidades del personal en relación con sus funciones y responsabilidades. A partir de este diagnóstico, se formulo el programa de capacitación, posteriormente, se ejecutaron las actividades, lo que facilito la comprensión y asimilación de los contenidos por parte de os participantes. Finalmente, se desarrolló la evaluación de la capacitación, considerando el desempeño de los instructores. aPrograma de Capacitación aDiseño aPrograma aCapacitación aSistemas aRamirez Choque, Jennyetutor 2ddccTEn0 c16140d16140 00102ddc4070aUTObUTOd2026-05-04i6289l0oTE6289/F628pTE6289r2026-05-12 11:47:44tEj.1w2026-05-12yTE